000 01001nam a22003017a 4500
001 7758
003 FISKH
005 20250819095454.0
008 250805b cb ||||| |||| 00| 0 eng d
020 _a0439680514
040 _aFISKH
_beng
_cFISKH
_dFISKH
050 _aHD6509.C48 T45
082 _a920
100 _aTello, Jerry
245 _aLet's read about Cesar Chavez /
_cby Jerry Tello : Illustrated by Stephen Marchesi
250 _aFirst printing, October 2004
260 _aNew York :
_bScholastic,
_c2004.
300 _a32 unnumbered pages :
_bcolor illustrations ;
_c23 cm .
490 _aScholastic First Biographies
505 _aH
520 _aA profile of Ce?sar Cha?vez, the Mexican American union leader who fought to get migrant farm workers better wages.
521 8 _a450
_bLexile estimate
521 8 _aH
_bRaz-Plus
650 _aHispanic
_vNon-fiction
700 _aMarchesi, Stephen
_eIllustrator
942 _2ddc
_cBK
_n0
999 _c7758
_d7758